00493nam a2200181Ia 4500001001000000003000500010008004100015010001100056040000900067082002100076100002100097245007400118260003600192300001100228650002500239650002400264650002300288Para_6030CHAP220125s1979 xx 000 0 und d a204785 cCHAP aPA 581.1927 M66 aMoore, Thomas C. aBiochemistry and physiology of plant hormones /c by Thomas C. Moore aNew York :b Springer - Verlag a274 p. aFisiología vegetal aHormonas vegetales  aQuímica vegetal